00943nam a22002895i 450000100060000000300090000600500170001500700030003200800390003502000180007408000130009208000120010510000280011724500760014525000120022126000460023330000280027949000320030750000130033950400340035265000420038665000240042883000400045285200220049299900170051495201220053115258ES-MaACL20250902232752.0t|000210s1991 sp ||||0| spa a84-323-0731-9 a575.2.08 a618.1771 aTubert, Silvia.911161810aMujeres sin sombra b: maternidad y tecnología / cpor Silvia Tubert. a1ª ed. aMadrid : bSiglo XXI de España, c1991. aXVII, 288 p. ; c21 cm.1 aDesigualdades y diferencias aIndices. aBibliografía: p. [279]-284.17aIngeniería genética2embne91377514aEsterilidad.9125341 aDesigualdades y diferencias9179897 aES-MaACLjL-22662 c15258d15258 00104070aATENEOMbATENEOMcDEPO2d2008-01-17eSCl0oL-22662p1015515r2023-02-23 00:00:00w2023-02-23yMONOGRAFIA